| 000 | 00686nam a22002297a 4500 | ||
|---|---|---|---|
| 999 |
_c6088 _d6088 |
||
| 003 | AR-CdUCM | ||
| 008 | 190313b ||||| |||| 00| 0 spa d | ||
| 040 |
_aMUNICIPALIDAD PROVINCIAL DEL CUSCO _cBIBLIOTECA MUNICIPAL DEL CUSCO |
||
| 082 |
_22ed. _a867.4 / _bO52 |
||
| 100 |
_aOnetti, Jorge _99569 |
||
| 245 | _aContramutis / | ||
| 260 |
_aBarcelona : _bSeix Barral, _c1971. |
||
| 300 |
_a203 paginas ; _c20 cm. |
||
| 440 |
_aNuevas narrativas hispánica _917705 |
||
| 500 | _aDonación de la familia Nieto | ||
| 505 | _aNovela | ||
| 650 |
_aLiteratura Argentina _984 |
||
| 650 |
_aNovela Argentina _99108 |
||
| 650 |
_aCiencia ficción _91624 |
||
| 942 |
_2ddc _cLIBROS |
||
| 945 | _aacv | ||